000 004280000a22001570004500
005 20250903143635.0
082 _a583.380 4133 KLU
100 _aKluge, Manfred
100 _aTing, Irwin .P
245 _aCrassulacean Acid Metabolism: Analysis of an Ecological Adaptation.
260 _aBerlin, Springer - verlag
_c1978
260 _c1978
300 _a209
650 _aAcid Metabolism/Ecologocal Adaptation/
942 _cBK
999 _c365139
_d365139